| 000 | 00446nam a2200157 i 4500 | ||
|---|---|---|---|
| 001 | 69839 | ||
| 003 | ES-MaACL | ||
| 005 | 20230906170633.0 | ||
| 007 | t| | ||
| 008 | 040712s1978 sp ||||1| spa d | ||
| 100 | 1 |
_aGarcía Iglesias, L. _954788 |
|
| 245 | 1 | 4 |
_aLos judíos en la España antigua / _cL. García Iglesias. |
| 260 |
_aMadrid : _bCristiandad, _c[1978] |
||
| 300 |
_a227 p., 16 lám. ; _c22 cm. |
||
| 852 |
_aES-MaACL _jA-9983 _bR.99069 |
||
| 999 |
_c69839 _d69839 |
||